HUMAN OSTEOLOGY (Record no. 2471)

MARC details
000 -LEADER
fixed length control field 00304nam a2200133Ia 4500
082 ## - DEWEY DECIMAL CLASSIFICATION NUMBER
Classification number 611
Item number H1986B
100 ## - MAIN ENTRY--PERSONAL NAME
Personal name BAJDAI,R.N.
245 ## - TITLE STATEMENT
Title HUMAN OSTEOLOGY
250 ## - EDITION STATEMENT
Edition statement 1ST
260 ## - PUBLICATION, DISTRIBUTION, ETC. (IMPRINT)
Name of publisher, distributor, etc JAYPEE MEDICAL PUBLISHER
Place of publication, distribution, etc DARYAGANJ(DELHI)
Year of Publication 1986
300 ## - PAGE DESCRIPTION
No. of Pages 1-203
650 ## - SUBJECT ADDED ENTRY--TOPICAL TERM
Topical term or geographic name as entry element HUMAN OSTEOLOGY
942 ## - ADDED ENTRY ELEMENTS (KOHA)
Source of classification or shelving scheme Dewey Decimal Classification
Koha item type Books
Holdings
Withdrawn status Lost status Source of classification or shelving scheme Damaged status Not for loan Home library Current library Date acquired Vendor Name Cost, normal purchase price Volume Information (Serial or Books or Non-Book Material) SGTU Bill Number Total Checkouts Full call number Accession No. (Barcode) Checked out Date last seen Date last borrowed Bill Date Koha item type
    Dewey Decimal Classification     SGT Dental Library SGT Dental Library 10/04/2002 U.B.S.DELHI 30.00 1 SGTU 45 15 611 H1986B FD65 05/05/2025 21/04/2025 21/04/2025 19/01/2012 Books